00649nam a2200193Ia 450000500170000000800460001703700180006304000200008104100130010108400240011410000240013824500820016226000090024430000090025354600430026294200230030599900210032895201060034920250508164916.0008 250505s9999 xx 000 0 eng d aDissertations aFEDLbengcFEDL aeng2eng a371.3, KAL/DIqFEDL aKalani Ritu9779500 0aStudy of the quality of work experience programme in primary schools of Delhi c1999 a95p. aM. Ed. Dissertation (Delhi University) cDISh371.3, KAL/DI c1391946d1391946 00104070aFEDLbFEDLd2025-05-08l0o371.3, KAL/DIpEL0085576r2025-05-08 16:49:16w2025-05-08yDIS